01171nam a22002297a 45000010005000000030006000050050017000110080041000280200018000690400029000870500015001160820011001311000024001422450041001662600050002073000047002575050007003045200546003115210027008575210018008846500039009029025FISKH20251114112919.0251114b cb ||||| |||| 00| 0 eng d a9780194643849 aFISKHbengcFISKHdFISKH aML3928.N67 a428.6  aNorthcott, Richard  aSound and music /cRichard Northcott aNew York: bOxford University Press, c2011.  a48 pages : bcolor illustrations ; c21 cm aP  aRead and discover all about sound and music ... What are sound waves? What type of musical instrument is a koto? Oxford Read and Discover is specially designed to make reading other subjects in English easy and fun. Students read about Science, Arts, and Social Studies - and develop their language skills at the same time. Colour photos help understanding and stunning diagrams develop critical thinking skills. The flexible design allows free reading and supported reading by giving clear signposts to activities and projects at the back. 8 a640 bLexile estimate 8 aP bRaz-Plus  aInstrumentvGeneral sciencexMusic